Meet Minitab : (Record no. 33157)
[ view plain ]
| 000 -LEADER | |
|---|---|
| fixed length control field | 00898cam a22002414a 4500 |
| 005 - DATE AND TIME OF LATEST TRANSACTION | |
| control field | 20230727095540.0 |
| 008 - FIXED-LENGTH DATA ELEMENTS--GENERAL INFORMATION | |
| fixed length control field | 041029s2005 caua b 001 0 eng |
| 010 ## - LIBRARY OF CONGRESS CONTROL NUMBER | |
| LC control number | 2004559843 |
| 020 ## - INTERNATIONAL STANDARD BOOK NUMBER | |
| ISBN | 0534419755 (pbk.) |
| 020 ## - INTERNATIONAL STANDARD BOOK NUMBER | |
| ISBN | 9780534419752 |
| 040 ## - CATALOGING SOURCE | |
| Original cataloging agency | DLC |
| Transcribing agency | DLC |
| Modifying agency | DLC |
| 042 ## - AUTHENTICATION CODE | |
| Authentication code | pcc |
| 082 00 - DEWEY DECIMAL CLASSIFICATION NUMBER | |
| Classification number | 519.5028 |
| Edition number | 22 |
| Item number | REF-M |
| 100 ## - MAIN ENTRY--AUTHOR | |
| Author Name | Reference |
| 245 00 - TITLE STATEMENT | |
| Title | Meet Minitab : |
| Remainder of title | student release 14 for Windows / |
| Statement of responsibility, etc. | 2005. |
| 260 ## - PUBLICATION, DISTRIBUTION, ETC. | |
| Place of Publication | Belmont, CA : |
| Name of publisher, distributor, etc. | Thomson/Brooks/Cole, |
| Date of publication, distribution, etc. | c2005. |
| 300 ## - PHYSICAL DESCRIPTION | |
| Pages | 1 v. (various pagings) : |
| 504 ## - BIBLIOGRAPHY, ETC. NOTE | |
| Bibliography, etc. note | Includes bibliographical references and index. |
| 650 #0 - SUBJECT ADDED ENTRY--TOPICAL TERM | |
| Subject / Department | Mathematical statistics |
| General subdivision | Data processing. |
| 300 ## - PHYSICAL DESCRIPTION | |
| -- | ill. ; |
| -- | 24 cm. + |
| 906 ## - LOCAL DATA ELEMENT F, LDF (RLIN) | |
| a | 7 |
| b | cbc |
| c | orignew |
| d | 2 |
| e | ncip |
| f | 20 |
| g | y-gencatlg |
| 952 ## - LOCATION AND ITEM INFORMATION (KOHA) | |
| -- | 0 |
| -- | 0 |
| 952 ## - LOCATION AND ITEM INFORMATION (KOHA) | |
| -- | 0 |
| -- | 0 |
| 952 ## - LOCATION AND ITEM INFORMATION (KOHA) | |
| -- | 0 |
| -- | 0 |
| Lost status | Damaged status | Permanent Location | Current Location | Shelving Location | Date acquired | Full Call Number | Accession No./Barcode | Date last seen | item type |
|---|---|---|---|---|---|---|---|---|---|
| Superior Information Resource Center (SIRC) Superior University- Gold Campus | Superior Information Resource Center (SIRC) Superior University- Gold Campus | Statistics | 07/27/2023 | 519.5028 REF-M 2005 | 19510 | 11/21/2023 | BOOK | ||
| Superior Information Resource Center (SIRC) Superior University- Gold Campus | Superior Information Resource Center (SIRC) Superior University- Gold Campus | Statistics | 07/27/2023 | 519.5028 REF-M 2005 | 19511 | 02/24/2024 | BOOK | ||
| Superior Information Resource Center (SIRC) Superior University- Gold Campus | Superior Information Resource Center (SIRC) Superior University- Gold Campus | Statistics | 07/27/2023 | 519.5028 REF-M 2005 | 19512 | 06/13/2024 | BOOK |
